Espacios simbolicos en la eneida de virgilio /
Guardado en:
| Autor Principal: | |
|---|---|
| Formato: | Libro |
| Publicado: |
Bahia Blanca :
Universidad Nacional Del Sur / Ediuns,
2005
|
| Series: | Extensión
|
| Materias: | |
| Etiquetas: |
Agregar Etiqueta
Sin Etiquetas, Sea el primero en etiquetar este registro!
|
| LEADER | 00904nam a22002535a 4500 | ||
|---|---|---|---|
| 001 | EHU.bham028491 | ||
| 003 | AR-BHAM | ||
| 005 | 20110518140903.0 | ||
| 008 | 130507s2005##################000#0#####d | ||
| 082 | 8 | 7 | |a 873.07 |
| 100 | 1 | |a La Fico Guzzo, M. L. | |
| 245 | 1 | 0 | |a Espacios simbolicos en la eneida de virgilio / |c M. L. La Fico Guzzo |
| 260 | |a Bahia Blanca : |b Universidad Nacional Del Sur / Ediuns, |c 2005 | ||
| 300 | |a 374 p. | ||
| 490 | 0 | |a Extensión | |
| 500 | |a Tesis doctoral | ||
| 653 | |a Tesis | ||
| 653 | |a Virgilio | ||
| 653 | |a Literatura latina-estudio | ||
| 653 | |a Poesia latina-estudio | ||
| 859 | |a AR-BHAM |b BIB. HUMANIDADES - General |h 873.07 |i L133 |p 267.10 |t Ej.3 | ||
| 859 | |a AR-BHAM |b BIB. HUMANIDADES - General |h 873.07 |i L133 |p 268.10 |t Ej.4 | ||
| 859 | |a AR-BHAM |b BIB. HUMANIDADES - General |h 873.07 |i L133 |p 994.05 |t Ej.1 | ||
| 859 | |a AR-BHAM |b BIB. HUMANIDADES - General |h 873.07 |i L133 |p 995.05 |t Ej.1 | ||
